Sketch for a systematic metaphysics / (رقم التسجيلة. 33005)
[ عرض عادي ]
| 000 -الفاتح | |
|---|---|
| حقل البيانات ثابتة الطول | 01312cam a22003257a 4500 |
| 001 - رقم الضبط | |
| رقم الضبط | 16452370 |
| 003 - محدد رقم الضبط | |
| رقم الضبط | OSt |
| 005 - وقت وتاريخ اخر تعامل مع التسجيلة | |
| رقم الضبط | 20150408114201.0 |
| 008 - عناصر البيانات ثابتة الطول - معلومات عامة | |
| حقل البيانات ثابتة الطول | 100909s2010 enk b 001 0 eng |
| 010 ## - رقم ضبط مكتبة الكونجرس | |
| رقم ضبط مكتبة الكونجرس | 2010502927 |
| 015 ## - رقم الببليوجرافية الوطنية | |
| رقم الببليوجرافية الوطنية | GBB055257 |
| المصدر | bnb |
| 016 7# - رقم ضبط الوكاله الوطنية للضبط الببليوجرافي | |
| رقم ضبط التسجيلة | 015540664 |
| المصدر | Uk |
| 020 ## - الرقم الدولى المعيارى للكتب | |
| الرقم الدولى المعيارى للكتاب | 9780199655915 |
| 020 ## - الرقم الدولى المعيارى للكتب | |
| الرقم الدولى المعيارى للكتاب | 0199590613 (hbk.) |
| 035 ## - رقم ضبط النظام | |
| رقم ضبط النظام | (OCoLC)ocn587229715 |
| 040 ## - مصدر الفهرسة | |
| وكالة الفهرسة الأصلية | UKM |
| وكالة النسخ | UKM |
| وكالة التعديل | BTCTA |
| -- | YDXCP |
| -- | BWK |
| -- | BWX |
| -- | CDX |
| -- | FDA |
| -- | DLC |
| 042 ## - رمز التحقق | |
| رمز التحقق | ukblcatcopy |
| -- | lccopycat |
| 050 00 - رقم طلب مكتبة الكونجرس | |
| رقم التصنيف | BD111 |
| رقم المادة | .A69 2010 |
| 082 04 - رقم تصنيف ديوى العشرى | |
| رقم التصنيف | 110 |
| رقم الطبعة | 22 |
| رقم المادة | ADS |
| 100 1# - المدخل الرئيسى - إسم شخصى | |
| الإسم الشخصى | Armstrong, D. M. |
| الشكل الأكمل للاسم | (David Malet), |
| التواريخ المصاحبة للاسم | 1926- |
| 9 (RLIN) | 41743 |
| 245 10 - بيان العنوان | |
| العنوان | Sketch for a systematic metaphysics / |
| بيان المسئوليه,etc | D.M. Armstrong. |
| 260 ## - PUBLICATION, DISTRIBUTION, ETC. (IMPRINT) | |
| مكان الناشر او الموزع | Oxford ; |
| -- | New York : |
| اسم الناشر او الموزع | Clarendon Press, |
| تاريخ النشر أو التوزيع | c2010. |
| 300 ## - الوصف المادى | |
| التعداد | xi, 125 p. ; |
| أبعاد الوعاء | 21 cm. |
| 504 ## - تبصرة ببليوجرافية | |
| تبصرة ببليوجرافية,الخ | Includes bibliographical references (p. [116]-120) and index. |
| 505 0# - تبصرة محتويات-الفهرس | |
| تبصرة المحتويات المصاغة | Properties -- Relations -- States of affairs -- Laws of nature -- Reaching to dispositionalism -- Particulars -- Truthmakers -- Possibility, actuality, necessity -- Limits -- Absences -- The rational disciplines : logic and mathematics -- Numbers -- Classes -- Time -- Mind. |
| 650 #0 - المدخل الاضافى بالموضوع-مصطلح موضوعى | |
| مصطلح موضوعي أو اسم جغرافي كعنصر مدخل | Metaphysics. |
| 9 (RLIN) | 41620 |
| 906 ## - عنصر بيانات محلى F, LDF (RLIN) | |
| a | 7 |
| b | cbc |
| c | copycat |
| d | 2 |
| e | ncip |
| f | 20 |
| g | y-gencatlg |
| 942 ## - عناصر المدخل الإضافي( كوها) | |
| مصدر التصنيف او مخطط الترفيف | Dewey Decimal Classification |
| Koha [default] item type | DVD |
| حالة الفقد | نموذج السعر الفعال | حالة تلف | ليس للاعارة | رقم الطلب | تاريخ الاكتساب | الموقع الحالي | الفرع الرئيسي | Date last seen | نوع المادة فى نظام كوها | مصدر التصنيف او خطة الترفيف | Total Checkouts |
|---|---|---|---|---|---|---|---|---|---|---|---|
| 2014-01-07 | 110 ADS | 2014-01-07 | المكتبة المركزية بالمجمعة (CL) | المكتبة المركزية بالمجمعة (CL) | 2014-01-07 | كتاب | Dewey Decimal Classification |
